[Event "CAN-op U2400"]
[Site "Montreal CAN"]
[Date "2014.07.21"]
[Round "4"]
[White "Luksza, Arkadiusz"]
[Black "Tonakanian, Stephan"]
[Result "1-0"]
[WhiteElo "2107"]
[BlackElo "1922"]
[PlyCount "97"]
[EventDate "2014.07.19"]
[EventType "swiss"]
[EventRounds "9"]
[EventCountry "CAN"]

1. d4 Nf6 2. c4 e5 3. dxe5 Ng4 4. Nf3 Bc5 5. e3 Nc6 6. Nc3 Ngxe5 7. a3 a5 8.
Be2 O-O 9. Ne4 Qe7 10. Nxe5 Nxe5 11. Nxc5 Qxc5 12. Qd5 d6 13. Qxc5 dxc5 14. f4
Ng4 15. e4 Re8 16. e5 f6 17. h3 Nh6 18. exf6 Nf5 19. Kf2 gxf6 20. Bh5 Re7 21.
Bd2 Nd6 22. Rhe1 Ne4+ 23. Kg1 f5 24. Bf3 Bd7 25. Bc3 Bc6 26. Re3 Rae8 27. Bxa5
Kf8 28. Bh5 Ra8 29. Be1 Nf6 30. Rxe7 Kxe7 31. Bh4 Ke6 32. Re1+ Ne4 33. Bf3 Ra4
34. Bd8 Rxc4 35. Bxc7 Rc2 36. Be5 Bd5 37. Bd1 Rd2 38. Bf3 Rc2 39. Bc3 Kd6 40.
Rd1 Ke6 41. Be5 Rd2 42. Rc1 b6 43. Re1 Kf7 44. g4 Kg6 45. h4 Nf2 46. h5+ Kf7
47. Bxd5+ Rxd5 48. Kxf2 fxg4 49. Kg3 1-0

[Event "CAN-op U2400"]
[Site "Montreal CAN"]
[Date "2014.07.21"]
[Round "4"]
[White "Shi, Diwen"]
[Black "Abreu Cordero, Jose"]
[Result "1/2-1/2"]
[WhiteElo "1934"]
[BlackElo "2069"]
[PlyCount "219"]
[EventDate "2014.07.19"]
[EventType "swiss"]
[EventRounds "9"]
[EventCountry "CAN"]

1. e4 c5 2. Nc3 Nc6 3. f4 d6 4. Nf3 e6 5. Bb5 Bd7 6. O-O Qb6 7. d3 a6 8. Bxc6
Bxc6 9. Qe1 g6 10. f5 Bd7 11. fxe6 fxe6 12. Ng5 Nh6 13. Qh4 O-O-O 14. Nh3 Ng8
15. Rf7 h5 16. Bg5 Re8 17. Raf1 Bh6 18. Nd1 c4+ 19. Kh1 cxd3 20. cxd3 Qd4 21.
Nf4 Bxg5 22. Qxg5 Nh6 23. Rf6 Ng4 24. Nxg6 Nxf6 25. Qxf6 Qxf6 26. Rxf6 Rh7 27.
Nf4 Bb5 28. Nc3 Kd7 29. Ng6 Rg7 30. Nf4 h4 31. a4 Bc6 32. Kg1 b5 33. axb5 axb5
34. Rh6 b4 35. Na2 e5 36. Nh5 Ra8 37. Nxb4 Ra1+ 38. Kf2 Rf7+ 39. Nf6+ Kc7 40.
Ke2 Rb1 41. Nbd5+ Kb7 42. b4 Rb2+ 43. Ke3 Bxd5 44. Nxd5 Rff2 45. Rh7+ Kc8 46.
Rh8+ Kd7 47. Rh7+ Ke8 48. Nc3 Rxg2 49. Rxh4 Rxb4 50. Rh8+ Kf7 51. Rh6 Rb3 52.
Ne2 Rb2 53. Ng3 Rxh2 54. Rxd6 Rbg2 55. Kf3 Rf2+ 56. Ke3 Ke7 57. Ra6 Rfg2 58.
Kf3 Rd2 59. Ke3 Rd1 60. Nf5+ Kf7 61. d4 exd4+ 62. Nxd4 Rh3+ 63. Nf3 Rf1 64.
Ra7+ Kg6 65. Ra6+ Kf7 66. Ra7+ Ke8 67. Ra8+ Kd7 68. Ra7+ Kc8 69. Rf7 Kd8 70. e5
Ke8 71. Rf4 Ke7 72. Ke4 Rf2 73. Ke3 Ra2 74. Ke4 Rf2 75. Ke3 Rf1 76. Ke4 Rg3 77.
Rf5 Rg4+ 78. Rf4 Rxf4+ 79. Kxf4 Rd1 80. Ke4 Ra1 81. Nd4 Kd7 82. Kd5 Rd1 83. Ke4
Rd2 84. Kd5 Ke7 85. Ke4 Rd1 86. Kd5 Re1 87. Nf5+ Kd7 88. Nd4 Rd1 89. Ke4 Ra1
90. Kd5 Ra5+ 91. Ke4 Rc5 92. Kf5 Ke7 93. Ke4 Kf7 94. Kf5 Rd5 95. Ke4 Rd8 96.
Nc6 Rd1 97. Nd4 Kg6 98. Kd5 Kf7 99. Ke4 Rc1 100. Kd5 Rc8 101. Ke4 Rc5 102. Nf5
Ra5 103. Nd4 Kg6 104. Nc6 Rc5 105. Nd4 Rc8 106. Kd5 Rd8+ 107. Ke4 Kf7 108. Nc6
Rd1 109. Nd4 Re1+ 110. Kd5 1/2-1/2

[Event "CAN-op U2400"]
[Site "Montreal CAN"]
[Date "2014.07.21"]
[Round "4"]
[White "Singher, Jean-Pierre"]
[Black "Yagiz, Bora"]
[Result "1/2-1/2"]
[WhiteElo "2060"]
[BlackElo "1911"]
[PlyCount "101"]
[EventDate "2014.07.19"]
[EventType "swiss"]
[EventRounds "9"]
[EventCountry "CAN"]

1. d4 d6 2. Nf3 g6 3. g3 f5 4. Bg2 Nf6 5. c3 c6 6. O-O Bg7 7. Nbd2 O-O 8. Qb3+
e6 9. Ng5 Qe7 10. e4 h6 11. Nh3 Kh7 12. Re1 Qc7 13. exf5 exf5 14. Nf4 Na6 15.
h4 Qf7 16. Nc4 Rd8 17. Bd2 Nc7 18. Re2 Bf8 19. Rae1 Re8 20. Rxe8 Ncxe8 21. h5
g5 22. Ng6 Nxh5 23. Nb6 Qxg6 24. Nxa8 d5 25. c4 dxc4 26. Qxc4 Bd6 27. d5 c5 28.
b4 b6 29. bxc5 Bxc5 30. Be3 Nd6 31. Qc2 f4 32. Qxg6+ Kxg6 33. Bxc5 bxc5 34.
gxf4 Nxf4 35. Nc7 Kf7 36. Bf1 Bb7 37. Ne6 Bxd5 38. Nxc5 Nf5 39. Rd1 Kf6 40. a4
Nh4 41. Nd7+ Ke6 42. Nc5+ Kd6 43. Ne4+ Ke5 44. Nc3 Bb7 45. Re1+ Kf5 46. Re7 Bc6
47. Rc7 Nf3+ 48. Kh1 Ne5+ 49. Kh2 Nf3+ 50. Kh1 Ne5+ 51. Kh2 1/2-1/2

[Event "CAN-op U2400"]
[Site "Montreal CAN"]
[Date "2014.07.21"]
[Round "4"]
[White "Sprumont, Oscar"]
[Black "De Barberis, Massimo"]
[Result "1/2-1/2"]
[WhiteElo "1948"]
[BlackElo "2070"]
[PlyCount "67"]
[EventDate "2014.07.19"]
[EventType "swiss"]
[EventRounds "9"]
[EventCountry "CAN"]

1. Nf3 Nf6 2. c4 e6 3. g3 c5 4. Bg2 Be7 5. O-O O-O 6. Nc3 Nc6 7. d4 d5 8. cxd5
exd5 9. Bg5 c4 10. b3 cxb3 11. Qxb3 Na5 12. Qc2 Be6 13. Ne5 Rc8 14. Qb2 b6 15.
Rac1 Nc4 16. Nxc4 Rxc4 17. Rfd1 Qd7 18. Qb5 Rc7 19. Bf4 Rb7 20. Qxd7 Rxd7 21.
Nb5 h6 22. Rc7 Rxc7 23. Nxc7 Rc8 24. a4 Bd8 25. Rc1 Bxc7 26. Rxc7 Rxc7 27. Bxc7
Bd7 28. a5 bxa5 29. Bxa5 Bb5 30. Kf1 Kf8 31. Ke1 g5 32. Bd8 Ne4 33. Bxe4 dxe4
34. Kd2 1/2-1/2

[Event "CAN-op U2400"]
[Site "Montreal CAN"]
[Date "2014.07.21"]
[Round "4"]
[White "Trottier, Emile"]
[Black "Robidas, Francois"]
[Result "1-0"]
[WhiteElo "2168"]
[BlackElo "1935"]
[PlyCount "157"]
[EventDate "2014.07.19"]
[EventType "swiss"]
[EventRounds "9"]
[EventCountry "CAN"]

1. e4 e5 2. Nf3 Nc6 3. Bb5 Bc5 4. O-O Nf6 5. c3 Nxe4 6. Bxc6 dxc6 7. Nxe5 O-O
8. d3 Qd5 9. dxe4 Qxe5 10. Nd2 Re8 11. Re1 Be6 12. Nf3 Qh5 13. Nd4 Bg4 14. f3
Bd7 15. Bf4 Bb6 16. Kh1 Rad8 17. Qc2 c5 18. Ne2 c4 19. Bg3 Bb5 20. Rad1 Qg5 21.
Nf4 Bc6 22. Rxd8 Rxd8 23. Rd1 Rxd1+ 24. Qxd1 h5 25. Qe1 Qb5 26. Qd2 Qg5 27. Qe1
Bc5 28. Nh3 Qd8 29. Bf2 Be7 30. Nf4 g6 31. Bd4 Bf6 32. Bxf6 Qxf6 33. Qd2 h4 34.
Kg1 g5 35. Nh3 g4 36. Qg5+ Qg6 37. Qxg6+ fxg6 38. fxg4 Bxe4 39. Kf2 Kg7 40. g5
Kf7 41. Nf4 Ke7 42. Ke3 Bb1 43. Kd4 Kd6 44. a4 Bc2 45. g3 hxg3 46. hxg3 Bb1 47.
a5 a6 48. Kxc4 Ke5 49. Kc5 Be4 50. b4 Kf5 51. c4 Kxg5 52. Ne6+ Kg4 53. Nxc7
Kxg3 54. Ne6 Kg4 55. Kb6 Kf5 56. Nc5 g5 57. Nxe4 Kxe4 58. Kxb7 g4 59. c5 g3 60.
c6 g2 61. c7 g1=Q 62. c8=Q Qf1 63. Qc6+ Kd4 64. Qc5+ Ke4 65. Qc6+ Kd4 66. Qxa6
Qf7+ 67. Ka8 Qf8+ 68. Ka7 Kc3 69. b5 Qe7+ 70. Qb7 Qe3+ 71. b6 Kb4 72. a6 Qe6
73. Qg7 Kb5 74. Qg5+ Kc6 75. b7 Qd7 76. Ka8 Qd3 77. Qf6+ Kd7 78. b8=Q Qe4+ 79.
Qb7+ 1-0

[Event "CAN-op U2400"]
[Site "Montreal CAN"]
[Date "2014.07.21"]
[Round "4"]
[White "Twesigye, Derick"]
[Black "Robichaud, Louis"]
[Result "1-0"]
[WhiteElo "2023"]
[BlackElo "2075"]
[PlyCount "91"]
[EventDate "2014.07.19"]
[EventType "swiss"]
[EventRounds "9"]
[EventCountry "CAN"]

1. e4 e5 2. Nf3 Nc6 3. Bb5 a6 4. Ba4 Nf6 5. d3 d6 6. c3 Be7 7. O-O O-O 8. Re1
Nd7 9. d4 exd4 10. cxd4 Nb6 11. Bb3 Bg4 12. Be3 Bf6 13. Nc3 Re8 14. h3 Bd7 15.
Bc2 g6 16. a3 a5 17. b3 a4 18. bxa4 Ra5 19. Nb5 Nc4 20. Bc1 Na7 21. Nxa7 Rxa7
22. Rb1 Nb6 23. e5 Be7 24. d5 Bxa4 25. Bxa4 Nxa4 26. Qd4 b6 27. Bh6 Bf8 28.
Bxf8 Rxf8 29. e6 fxe6 30. dxe6 Qe7 31. Re3 Nc5 32. Rbe1 Raa8 33. Qd5 Rae8 34.
Nd4 Kg7 35. Nc6 Qh4 36. R1e2 Rf5 37. Qa2 Qa4 38. Qb2+ Kg8 39. Nd4 Re5 40. Rxe5
dxe5 41. Nf3 Rxe6 42. Rxe5 Qd1+ 43. Kh2 Qd6 44. Qa2 Kf8 45. Qd5 Nd3 46. Qxe6
1-0

[Event "CAN-op U2400"]
[Site "Montreal CAN"]
[Date "2014.07.21"]
[Round "4"]
[White "Voloaca, Mihnea"]
[Black "Pepin, Christian"]
[Result "1-0"]
[WhiteElo "2227"]
[BlackElo "1929"]
[PlyCount "39"]
[EventDate "2014.07.19"]
[EventType "swiss"]
[EventRounds "9"]
[EventCountry "CAN"]

1. Nf3 d5 2. c4 e6 3. g3 f5 4. Bg2 Nf6 5. O-O Be7 6. d3 O-O 7. Nc3 d4 8. Nb5
Nc6 9. e3 e5 10. exd4 exd4 11. Bf4 Ne8 12. Re1 a6 13. Nbxd4 Nxd4 14. Nxd4 Bf6
15. Ne6 Bxe6 16. Rxe6 c6 17. Qb3 g5 18. Be5 Bxe5 19. Rxe5 Rf7 20. Rae1 1-0

[Event "CAN-op U2400"]
[Site "Montreal CAN"]
[Date "2014.07.21"]
[Round "4"]
[White "Wiebe, Daniel"]
[Black "Weber, Meikel"]
[Result "1-0"]
[WhiteElo "1874"]
[BlackElo "2042"]
[PlyCount "109"]
[EventDate "2014.07.19"]
[EventType "swiss"]
[EventRounds "9"]
[EventCountry "CAN"]

1. e4 e5 2. Nf3 Nf6 3. Nxe5 d6 4. Nf3 Nxe4 5. Nc3 Nxc3 6. dxc3 Be7 7. Be3 Nc6
8. Qd2 Be6 9. O-O-O Bxa2 10. b3 a5 11. Kb2 a4 12. Ra1 axb3 13. cxb3 Bxb3 14.
Rxa8 Qxa8 15. Kxb3 Qa1 16. Qb2 Qd1+ 17. Qc2 Qa1 18. Qb2 Qd1+ 19. Qc2 Qa1 20.
Qc1 Na5+ 21. Kc2 Qa4+ 22. Kb1 O-O 23. Qc2 Qd7 24. Bd3 g6 25. h4 c5 26. Qa2 Nc6
27. h5 Qg4 28. hxg6 hxg6 29. Qd5 Ra8 30. Bc4 Nd8 31. Ng5 Qf5+ 32. Qxf5 gxf5 33.
Rh5 f4 34. Bd2 Kg7 35. Nh3 f3 36. Bh6+ Kg8 37. gxf3 Nc6 38. Bd5 Bf6 39. Kb2 Ne5
40. Rf5 Bh4 41. f4 Nd3+ 42. Kc2 Nxf2 43. Nxf2 Bxf2 44. Rxf7 Kh8 45. Bg7+ Kh7
46. Bd4+ Kg6 47. Bxf2 c4 48. Bxc4 Ra4 49. Rc7 b5 50. Bd3+ Kf6 51. Bd4+ Ke6 52.
Bxb5 Ra2+ 53. Kb3 Rh2 54. Bd7+ Kd5 55. f5 1-0

[Event "CAN-op U2400"]
[Site "Montreal CAN"]
[Date "2014.07.21"]
[Round "4"]
[White "Zhu, Hong Rui"]
[Black "MacKinnon, Keith"]
[Result "0-1"]
[WhiteElo "2069"]
[BlackElo "2165"]
[PlyCount "60"]
[EventDate "2014.07.19"]
[EventType "swiss"]
[EventRounds "9"]
[EventCountry "CAN"]

1. e4 d5 2. exd5 Qxd5 3. Nc3 Qd6 4. d4 Nf6 5. Bd3 a6 6. Nge2 Bg4 7. f3 Bh5 8.
Bf4 Qd8 9. Ne4 Nd5 10. Bg5 h6 11. Bd2 e6 12. N4g3 Qh4 13. c3 Bd6 14. Qa4+ Nd7
15. O-O-O O-O 16. Nxh5 b5 17. Qc2 Qxh5 18. h4 f5 19. g4 Qf7 20. Rdg1 fxg4 21.
Rxg4 Ne3 22. Bxe3 Qxf3 23. Rhg1 Qxe3+ 24. Kb1 Rf7 25. Nc1 Nf6 26. Rxg7+ Rxg7
27. Rxg7+ Kxg7 28. Qg2+ Qg3 29. Qxa8 Bf4 30. Bc2 Qg1 0-1

[Event "CAN-op U2400"]
[Site "Montreal CAN"]
[Date "2014.07.22"]
[Round "5"]
[White "Abreu Cordero, Jose"]
[Black "Doknjas, Joshua"]
[Result "0-1"]
[WhiteElo "2069"]
[BlackElo "1849"]
[PlyCount "90"]
[EventDate "2014.07.19"]
[EventType "swiss"]
[EventRounds "9"]
[EventCountry "CAN"]

1. e4 c5 2. Nf3 d6 3. d4 cxd4 4. Nxd4 Nf6 5. Nc3 a6 6. a4 e5 7. Nb3 Be6 8. Bg5
Nbd7 9. Be2 Be7 10. O-O Rc8 11. a5 Nc5 12. f3 Nxb3 13. cxb3 O-O 14. Kh1 h6 15.
Bh4 Nd7 16. Bxe7 Qxe7 17. b4 Nf6 18. Qd2 Rfd8 19. Rac1 Ra8 20. Nd5 Bxd5 21.
exd5 Rdc8 22. b5 axb5 23. Bxb5 Rxc1 24. Rxc1 Qd8 25. b4 Rc8 26. Rxc8 Qxc8 27.
h3 Qf5 28. Bd3 Qd7 29. Bf1 Kf8 30. b5 e4 31. a6 bxa6 32. bxa6 exf3 33. Qd4
fxg2+ 34. Bxg2 Qc8 35. Bf1 Qa8 36. a7 Nd7 37. Bb5 Nc5 38. Bc6 Qxa7 39. Qf4 Qe7
40. Kg1 Qe1+ 41. Kh2 Qe5 42. Qxe5 dxe5 43. d6 Ne6 44. Kg3 Nd8 45. Be4 Ke8 0-1

[Event "CAN-op U2400"]
[Site "Montreal CAN"]
[Date "2014.07.22"]
[Round "5"]
[White "Allard, Laurent"]
[Black "Van Hoolandt, Patrick"]
[Result "0-1"]
[WhiteElo "1945"]
[BlackElo "2236"]
[PlyCount "111"]
[EventDate "2014.07.19"]
[EventType "swiss"]
[EventRounds "9"]
[EventCountry "CAN"]

1. e4 e5 2. Nf3 Nc6 3. Bc4 Bc5 4. c3 Nf6 5. d3 a6 6. O-O Ba7 7. Re1 d6 8. Bb3
O-O 9. Nbd2 Ng4 10. Re2 Kh8 11. Nf1 f5 12. exf5 Bxf5 13. Ng3 Bd7 14. h3 Nh6 15.
Re1 Qf6 16. Ne4 Qg6 17. Nh4 Bxf2+ 18. Nxf2 Qg3 19. Nf3 Qg6 20. Bc2 d5 21. Qe2
Rae8 22. c4 d4 23. Kh2 Nf5 24. Ne4 h6 25. Bd2 Nd6 26. Nh4 Qh7 27. Nxd6 cxd6 28.
Qe4 Qxe4 29. Rxe4 Rf2 30. Rd1 Ne7 31. Kg1 Rf6 32. Re2 Ref8 33. Nf3 Bc6 34. Nh2
Ng6 35. Ng4 R6f7 36. Kh2 Nh4 37. Be1 Nf5 38. Kg1 h5 39. Nh2 Ne3 40. Rdd2 e4 41.
Bb1 Nf1 42. Rd1 e3 43. Bh4 Nd2 44. Be1 Nf1 45. Bc2 g5 46. Nxf1 Rxf1+ 47. Kh2 h4
48. Rb1 a5 49. b4 axb4 50. Rxb4 Rxe1 51. Rxe1 Rf2 52. Ba4 Rxg2+ 53. Kh1 Re2+
54. Bxc6 Rxe1+ 55. Kg2 bxc6 56. a4 0-1

[Event "CAN-op U2400"]
[Site "Montreal CAN"]
[Date "2014.07.22"]
[Round "5"]
[White "Berube, Antoine"]
[Black "Chabot, Roland"]
[Result "1/2-1/2"]
[WhiteElo "2165"]
[BlackElo "2198"]
[PlyCount "67"]
[EventDate "2014.07.19"]
[EventType "swiss"]
[EventRounds "9"]
[EventCountry "CAN"]

1. d4 d6 2. c4 e5 3. Nf3 e4 4. Ng5 f5 5. g3 Be7 6. Nh3 c6 7. d5 Nf6 8. Nc3 O-O
9. Bg2 Nbd7 10. O-O Ne5 11. Qb3 Kh8 12. f3 exf3 13. exf3 Qa5 14. Re1 Bd8 15. f4
Nd3 16. Rd1 Nxc1 17. Raxc1 Ng4 18. Re1 h6 19. Kh1 Qc7 20. Re2 Bf6 21. Rce1 Bd7
22. Qc2 a5 23. Ng1 Bd4 24. Nf3 Ba7 25. h3 Nf6 26. Nh4 Rfe8 27. Nxf5 Rxe2 28.
Rxe2 Bxf5 29. Qxf5 Qb6 30. Qb1 Qd4 31. Qf1 Rf8 32. Re7 Nh5 33. Ne2 Qxc4 34.
dxc6 1/2-1/2

[Event "CAN-op U2400"]
[Site "Montreal CAN"]
[Date "2014.07.22"]
[Round "5"]
[White "Bouchard, Jean-Marc"]
[Black "Larochelle, Martial"]
[Result "0-1"]
[WhiteElo "1925"]
[BlackElo "2133"]
[PlyCount "48"]
[EventDate "2014.07.19"]
[EventType "swiss"]
[EventRounds "9"]
[EventCountry "CAN"]

1. b3 e5 2. Bb2 Nc6 3. e3 d6 4. Ne2 g6 5. d4 Bg7 6. d5 Nce7 7. f4 Nf6 8. c4 O-O
9. Qc1 exf4 10. exf4 c6 11. dxc6 Nxc6 12. Nbc3 d5 13. cxd5 Nb4 14. Qd2 Nfxd5
15. O-O-O Bf5 16. Nd4 Nxc3 17. Bxc3 Nxa2+ 18. Kb2 Nxc3 19. Kxc3 Rc8+ 20. Bc4
Qc7 21. Kb2 a6 22. g3 b5 23. Bd3 Rfd8 24. Qe3 Qc3+ 0-1

[Event "CAN-op U2400"]
[Site "Montreal CAN"]
[Date "2014.07.22"]
[Round "5"]
[White "Boudreau, Daniel"]
[Black "Poulin, Mathieu"]
[Result "0-1"]
[WhiteElo "2066"]
[BlackElo "1992"]
[PlyCount "162"]
[EventDate "2014.07.19"]
[EventType "swiss"]
[EventRounds "9"]
[EventCountry "CAN"]

1. e4 c6 2. d4 d5 3. exd5 cxd5 4. c4 Nf6 5. Nc3 e6 6. Nf3 Be7 7. cxd5 Nxd5 8.
Bd3 Nc6 9. a3 Bf6 10. Bc2 Nce7 11. O-O Nxc3 12. bxc3 Qc7 13. Qd3 Bd7 14. Re1
Rc8 15. Bd2 Qc4 16. Qxc4 Rxc4 17. Ne5 Rc7 18. Nxd7 Rxd7 19. Ba4 Nc6 20. Rab1
O-O 21. Bf4 Rc8 22. Kf1 b6 23. Bb5 Be7 24. a4 Bd6 25. Bg5 h6 26. Be3 Rdd8 27.
Ke2 Ne7 28. c4 Nf5 29. g3 Be7 30. Red1 Bf6 31. d5 exd5 32. cxd5 Rc2+ 33. Kf3
Nxe3 34. fxe3 Rxh2 35. d6 Be5 36. d7 Rc2 37. Rbc1 Rxc1 38. Rxc1 Kf8 39. g4 Ke7
40. Ke4 Bd6 41. Kd5 Bc5 42. e4 a5 43. e5 Rxd7+ 44. Bxd7 Kxd7 45. Rc3 Ke7 46.
Rf3 Bg1 47. Rd3 Bc5 48. Rf3 Bg1 49. g5 hxg5 50. Rg3 Bc5 51. Rxg5 Kf8 52. Rf5
Ke7 53. Rh5 g6 54. Rh7 Ke8 55. Rh8+ Ke7 56. Rb8 Kd7 57. Rb7+ Ke8 58. Ke4 Kf8
59. Kf4 Ke8 60. Kg5 Bf2 61. Kf6 Bh4+ 62. Kg7 Bg3 63. e6 Be5+ 64. Kh6 fxe6 65.
Rxb6 Kf7 66. Rb7+ Kf6 67. Rg7 Bf4+ 68. Kh7 g5 69. Rg6+ Kf5 70. Kh6 Bd2 71. Kh5
e5 72. Rd6 Bb4 73. Rg6 e4 74. Rxg5+ Kf4 75. Rg6 e3 76. Rf6+ Ke5 77. Rf3 Ke4 78.
Kg4 e2 79. Rf4+ Ke3 80. Rf6 e1=Q 81. Re6+ Kd3 0-1

[Event "CAN-op U2400"]
[Site "Montreal CAN"]
[Date "2014.07.22"]
[Round "5"]
[White "Caluza, Severo"]
[Black "Caceres Cortes, Julio"]
[Result "0-1"]
[WhiteElo "1725"]
[BlackElo "2044"]
[PlyCount "59"]
[EventDate "2014.07.19"]
[EventType "swiss"]
[EventRounds "9"]
[EventCountry "CAN"]

1. d4 Nf6 2. Nf3 e6 3. c4 b6 4. Bg5 Ba6 5. Nbd2 Be7 6. e4 h6 7. Bh4 Nc6 8. Bxf6
Bxf6 9. e5 Bg5 10. g3 Bb7 11. Nb3 a5 12. d5 exd5 13. cxd5 Nb4 14. Bg2 Bxd5 15.
a3 Bxf3 16. Bxf3 Nc6 17. h4 Be7 18. e6 O-O 19. exd7 Ne5 20. Bg4 Bd6 21. O-O
Nxd7 22. Nd4 Ne5 23. Nf5 Bc5 24. Qe2 Re8 25. Rad1 Qf6 26. Ne3 Bxe3 27. fxe3 Qg6
28. Rd4 Rad8 29. h5 Qc6 30. Qf2 0-1

[Event "CAN-op U2400"]
[Site "Montreal CAN"]
[Date "2014.07.22"]
[Round "5"]
[White "Chan, James"]
[Black "Babb, Jeff"]
[Result "0-1"]
[WhiteElo "2023"]
[BlackElo "2111"]
[PlyCount "142"]
[EventDate "2014.07.19"]
[EventType "swiss"]
[EventRounds "9"]
[EventCountry "CAN"]

1. e4 e5 2. Nf3 Nc6 3. Bb5 a6 4. Ba4 Nf6 5. Qe2 Be7 6. c3 b5 7. Bb3 O-O 8. d3
d6 9. h3 h6 10. g4 Nh7 11. Nbd2 Be6 12. Bc2 d5 13. Nf1 dxe4 14. dxe4 Bc4 15.
Qe3 Bxf1 16. Kxf1 Qd6 17. Kg2 Rad8 18. Qe2 Bf6 19. Be3 Ne7 20. a4 c6 21. axb5
axb5 22. Rhd1 Qb8 23. Ra6 Rxd1 24. Qxd1 Rd8 25. Qa1 Ng5 26. Nxg5 Bxg5 27. Bxg5
hxg5 28. Qa3 Qd6 29. Ra8 Kh7 30. Rxd8 Qxd8 31. Bb3 Ng6 32. Bxf7 Nf4+ 33. Kh2
Qd3 34. c4 bxc4 35. Qxd3 cxd3 36. Bb3 Kg6 37. Kg3 Kf6 38. Kf3 Ke7 39. Ke3 Kd6
40. Bc4 Kc5 41. Bxd3 Kb4 42. Bc2 Nxh3 43. f3 Nf4 44. Bd1 Ne6 45. Kd3 Nc5+ 46.
Kd2 Kc4 47. Ke3 Kb4 48. Kd2 Nd7 49. Kc2 Nb6 50. Be2 Na4 51. Ba6 Nc5 52. Be2 Nb3
53. Bd1 c5 54. Kd3 Nd4 55. Kd2 Kc4 56. Ke3 Kb4 57. Kd3 c4+ 58. Kd2 Nb3+ 59. Kc2
Nc5 60. Be2 Nb3 61. Bd1 g6 62. Kb1 Nd4 63. Kc1 c3 64. Kb1 Kc4 65. Kc1 cxb2+ 66.
Kxb2 Kd3 67. Ba4 Nxf3 68. Be8 Kxe4 69. Bxg6+ Kf4 70. Kc2 Kxg4 71. Kd3 Kf4 0-1

[Event "CAN-op U2400"]
[Site "Montreal CAN"]
[Date "2014.07.22"]
[Round "5"]
[White "De Barberis, Massimo"]
[Black "Cohen, Lawrence"]
[Result "1-0"]
[WhiteElo "2070"]
[BlackElo "1922"]
[PlyCount "61"]
[EventDate "2014.07.19"]
[EventType "swiss"]
[EventRounds "9"]
[EventCountry "CAN"]

1. e4 c5 2. Nf3 e6 3. c3 d5 4. e5 Nc6 5. d4 Nge7 6. a3 a5 7. Bd3 b6 8. O-O Ba6
9. Be3 Bxd3 10. Qxd3 c4 11. Qc2 a4 12. Nbd2 Nf5 13. Bg5 Be7 14. Bxe7 Qxe7 15.
Rfe1 h5 16. Nf1 g5 17. Ne3 g4 18. Nxf5 exf5 19. Qxf5 gxf3 20. e6 f6 21. Qxd5
Rc8 22. Qxf3 h4 23. Rad1 h3 24. g3 Qg7 25. Qe4 Rh5 26. f4 Rh4 27. d5 Ne5 28. d6
Rc6 29. Qd5 Ng4 30. Qxc6+ Kd8 31. Qa8# 1-0

[Event "CAN-op U2400"]
[Site "Montreal CAN"]
[Date "2014.07.22"]
[Round "5"]
[White "De Kerpel, Stijn"]
[Black "Destree, Frederic"]
[Result "1/2-1/2"]
[WhiteElo "2183"]
[BlackElo "1944"]
[PlyCount "62"]
[EventDate "2014.07.19"]
[EventType "swiss"]
[EventRounds "9"]
[EventCountry "CAN"]

1. d4 Nf6 2. Nf3 g6 3. Bf4 Bg7 4. e3 d6 5. h3 O-O 6. c3 Nbd7 7. Be2 b6 8. O-O
Bb7 9. Nbd2 Re8 10. Bh2 e5 11. dxe5 dxe5 12. Qc2 Rc8 13. Rfd1 Qe7 14. Bb5 Rcd8
15. Bc4 Bd5 16. Bxd5 Nxd5 17. Qb3 Nc5 18. Qc2 c6 19. a3 Rd7 20. b4 Nb7 21. Rac1
Red8 22. c4 Nc7 23. Nb3 f6 24. Kf1 Rxd1+ 25. Rxd1 Rxd1+ 26. Qxd1 Qd6 27. Qc2
Ne6 28. Ke2 Kf7 29. Ne1 a5 30. Qd2 Bf8 31. Nc2 Qxd2+ 1/2-1/2

[Event "CAN-op U2400"]
[Site "Montreal CAN"]
[Date "2014.07.22"]
[Round "5"]
[White "De Lagrave, Sylvain"]
[Black "Lebeau, Gilbert"]
[Result "0-1"]
[WhiteElo "1911"]
[BlackElo "1998"]
[PlyCount "106"]
[EventDate "2014.07.19"]
[EventType "swiss"]
[EventRounds "9"]
[EventCountry "CAN"]

1. e4 e6 2. d4 d5 3. e5 c5 4. c3 Nc6 5. Nf3 Bd7 6. dxc5 Bxc5 7. b4 Be7 8. b5
Na5 9. Be2 Rc8 10. Be3 Nc4 11. Bxc4 Rxc4 12. a4 Qa5 13. Qb3 Nh6 14. O-O Nf5 15.
Bd4 Nxd4 16. Nxd4 O-O 17. Ne2 Re4 18. Ng3 Rxe5 19. Nd2 Rc8 20. Rac1 Bh4 21. Nf3
Bxg3 22. hxg3 Re4 23. Nd4 Rc4 24. Rfd1 Qxa4 25. Qb2 Qa5 26. Ra1 Qxc3 27. Qxc3
Rxc3 28. Rxa7 Bc8 29. Ra8 g6 30. Nc6 bxc6 31. Rxc8+ Kg7 32. Rb1 Rec4 33. b6
Rc1+ 34. Rxc1 Rxc1+ 35. Kh2 Rb1 36. Rxc6 Kf6 37. g4 g5 38. Kg3 Ke5 39. Kf3 f6
40. Ke3 Rb3+ 41. Kd2 d4 42. Rc7 Rxb6 43. Rxh7 Rb2+ 44. Ke1 Ke4 45. Ra7 d3 46.
Ra4+ Kd5 47. Ra8 Re2+ 48. Kf1 Re5 49. f3 Kd4 50. Ra4+ Ke3 51. Ra3 Rb5 52. g3
Rb1+ 53. Kg2 Ke2 0-1

[Event "CAN-op U2400"]
[Site "Montreal CAN"]
[Date "2014.07.22"]
[Round "5"]
[White "Dehmel, Jens"]
[Black "Bleau, John"]
[Result "1/2-1/2"]
[WhiteElo "2067"]
[BlackElo "1917"]
[PlyCount "87"]
[EventDate "2014.07.19"]
[EventType "swiss"]
[EventRounds "9"]
[EventCountry "CAN"]

1. d4 Nf6 2. c4 e6 3. Nc3 d5 4. cxd5 exd5 5. Bg5 Be7 6. e3 c6 7. Bd3 O-O 8. Qc2
h6 9. Bh4 Re8 10. Nf3 Nh5 11. Bxe7 Qxe7 12. O-O Be6 13. Rab1 a5 14. Rfc1 Nf6
15. h3 Nfd7 16. Na4 Na6 17. a3 b5 18. Nc3 Ra7 19. Ne2 Nab8 20. Nd2 Nb6 21. Nf4
a4 22. Nxe6 Qxe6 23. Qc5 Rb7 24. b3 Qe7 25. bxa4 Qxc5 26. Rxc5 Nxa4 27. Rc2
Rbe7 28. Nb3 Ra7 29. Ra1 Ree7 30. Bxb5 cxb5 31. Rc8+ Kh7 32. Rxb8 Nc3 33. Kf1
f5 34. Nc5 Ra5 35. Ke1 Rea7 36. Kd2 Rxa3 37. Rc1 Na2 38. Rb1 Nc3 39. Rb3 Rxb3
40. Nxb3 Ne4+ 41. Ke1 Nc3 42. Rc8 b4 43. Rb8 Ra4 44. Rb6 1/2-1/2

[Event "CAN-op U2400"]
[Site "Montreal CAN"]
[Date "2014.07.22"]
[Round "5"]
[White "Dorrance, Adam"]
[Black "Li, Kevin"]
[Result "1/2-1/2"]
[WhiteElo "2018"]
[BlackElo "2152"]
[PlyCount "71"]
[EventDate "2014.07.19"]
[EventType "swiss"]
[EventRounds "9"]
[EventCountry "CAN"]

1. e4 c5 2. c3 Nf6 3. e5 Nd5 4. Nf3 Nc6 5. Bc4 Nb6 6. Bb3 c4 7. Bc2 d5 8. exd6
Qxd6 9. d4 cxd3 10. Qxd3 Qxd3 11. Bxd3 e6 12. O-O Be7 13. Nbd2 O-O 14. Nb3 Rd8
15. Rd1 e5 16. Be3 Rxd3 17. Rxd3 e4 18. Bxb6 axb6 19. Re3 exf3 20. Nd4 Be6 21.
Nxe6 fxe6 22. Rxe6 fxg2 23. Kxg2 b5 24. Rae1 Kf7 25. a3 Rd8 26. R6e4 Bf6 27.
R1e3 h5 28. h3 Rd5 29. a4 bxa4 30. Rxa4 Rd2 31. b3 b5 32. Ra6 Ne5 33. Ra5 Nd3
34. Rxb5 Nf4+ 35. Kg3 Ne2+ 36. Kf3 1/2-1/2

[Event "CAN-op U2400"]
[Site "Montreal CAN"]
[Date "2014.07.22"]
[Round "5"]
[White "Doubleday, William"]
[Black "Voloaca, Mihnea"]
[Result "0-1"]
[WhiteElo "2059"]
[BlackElo "2227"]
[PlyCount "60"]
[EventDate "2014.07.19"]
[EventType "swiss"]
[EventRounds "9"]
[EventCountry "CAN"]

1. d4 Nf6 2. Nf3 g6 3. g3 Bg7 4. Bg2 O-O 5. O-O c5 6. c3 Na6 7. Nbd2 d5 8. Ne5
Bf5 9. a3 cxd4 10. cxd4 Qb6 11. e3 Rac8 12. f3 Nb8 13. Nb1 Bc2 14. Qe2 Nbd7 15.
Nxd7 Nxd7 16. f4 Bb3 17. Nd2 Ba4 18. Bxd5 Bb5 19. Bc4 Bxc4 20. Nxc4 Qb5 21. b3
Qxb3 22. Nd2 Qc2 23. Qb5 Nc5 24. Qb1 Qc3 25. Kf2 Rc6 26. Ke2 Rb6 27. Qa2 Nb3
28. Nxb3 Rxb3 29. Kf2 Rc8 30. Rb1 Qc2+ 0-1

[Event "CAN-op U2400"]
[Site "Montreal CAN"]
[Date "2014.07.22"]
[Round "5"]
[White "Drolet, Stephane"]
[Black "Bates, Darren"]
[Result "1-0"]
[WhiteElo "2066"]
[BlackElo "1754"]
[PlyCount "63"]
[EventDate "2014.07.19"]
[EventType "swiss"]
[EventRounds "9"]
[EventCountry "CAN"]

1. d4 f5 2. Nc3 Nf6 3. Bg5 b6 4. Bxf6 exf6 5. Qd3 Bb4 6. Qxf5 Bb7 7. Qd3 Qe7 8.
a3 Bxc3+ 9. Qxc3 d6 10. e3 O-O 11. Ne2 c5 12. Nf4 d5 13. Qd2 g5 14. Nh5 f5 15.
O-O-O c4 16. h4 g4 17. Nf4 Nd7 18. f3 Nf6 19. h5 a5 20. Re1 Qd6 21. Be2 b5 22.
c3 b4 23. cxb4 c3 24. bxc3 axb4 25. axb4 Ra1+ 26. Kb2 Rxe1 27. Rxe1 Re8 28. Bd3
Qd7 29. Qc2 Bc8 30. Qf2 Qc7 31. Qh4 Kf7 32. Qxf6+ 1-0